000 00455nam a2200181Ia 4500
001 4034
005 20260306145726.0
008 260306t2009||||xx |||||||||||||| ||spa||
041 _aESP
082 _a306.8
_bI59
100 _aBottini de Rey, Zelmira
_eAUT
245 0 _aPosibilidades y desafíos de la familia en latinoamérica
260 _c2009
300 _a380 páginas :
_c23 cm.
650 _aGEN
654 _aCHU
942 _cLIB
_dJUS
_fJUS
_2ddc
_n
999 _c4034
_d4034